Plazmochemická povrchová modifikácia polymérnych materiálov

Saved in:
Bibliographic Details
Main Author: Szabová, Renáta
Format: Book
Language:Slovak
Published: Bratislava STU FCHPT 2010
Online Access:View in OPAC
Tags: Add Tag
No Tags, Be the first to tag this record!

MARC

LEADER 00000nam a2200000 a 4500
005 20260127133930.0
008 110210 2010 xo 000 0 slo d
035 |a vtls010210309 
039 9 |y 201102101026  |z mschk03 
040 |a STUSCHK1  |b slo  |c STUSCHK1  |e AACR2 
100 1 |a Szabová, Renáta 
245 1 |a Plazmochemická povrchová modifikácia polymérnych materiálov  |c Renáta Szabová 
260 |a Bratislava  |b STU FCHPT  |c 2010 
300 |a 113s.  |b il.  |c 30 cm 
500 |a Dizertačná práca 
500 |a Obháj.: 24.8. 2010 
500 |a Fakulta chemickej a potravinárskej technológie 
500 |a Študijný program: Technológia polymérnych materiálov 
500 |a Študijný odbor: 5.2.21 Technológia makromolekulových látok 
500 |a Evidenčné číslo: FCHPT-19991-19288 
910 |a SCHK95 
999 |c 311  |d 311